[Event "World op 51st"]
[Site "Philadelphia"]
[Date "2023.06.30"]
[Round "1"]
[White "Prasanna Raghuram, Rao"]
[Black "Slade, Theodore"]
[Result "1/2-1/2"]
[WhiteElo "2425"]
[BlackElo "1992"]
[PlyCount "178"]
[EventDate "2023.06.30"]
[EventType "swiss"]
[EventRounds "9"]
[EventCountry "USA"]
[SourceTitle "CBM 215 Extra"]
[Source "ChessBase"]
[SourceDate "2023.09.30"]
[SourceVersion "1"]
[SourceVersionDate "2023.09.30"]
[SourceQuality "1"]

1. d4 d5 2. Bf4 Nf6 3. e3 c5 4. c3 Nc6 5. Nd2 e6 6. Ngf3 Bd6 7. Bg3 0-0 8. Bd3 b6 9. e4 Be7 10. a3 cxd4 11. cxd4 dxe4 12. Nxe4 Nxd4 13. Nfg5 Nxe4 14. Bxe4 Bxg5 15. Bxa8 Ba6 16. Be4 Nb3 17. f4 Nxa1 18. fxg5 Qxg5 19. Qd2 Qg4 20. Bf3 Qc4 21. Qc3 Qxc3+ 22. bxc3 Rc8 23. Kf2 Nb3 24. Rd1 Nc5 25. a4 Kf8 26. a5 bxa5 27. Ra1 Nb3 28. Ra3 Rxc3 29. Bb8 Bb5 30. Bd6+ Ke8 31. Be5 Rc2+ 32. Kg3 a4 33. Bxg7 Nd2 34. Bd1 Rc4 35. Be2 Rb4 36. Bxb5+ Rxb5 37. Kh4 Rb4+ 38. Kh5 Nc4 39. Ra1 Ne3 40. g3 Rb5+ 41. Kh6 Ng4+ 42. Kxh7 Rh5+ 43. Kg8 Rg5 44. Kh7 Rh5+ 45. Kg8 Rxh2 46. Bc3 Nh6+ 47. Kg7 Nf5+ 48. Kf6 Nxg3 49. Rxa4 Rf2+ 50. Kg5 f5 51. Be1 Ne4+ 52. Kh5 Rh2+ 53. Kg6 Rg2+ 54. Kh5 Rg1 55. Bh4 Rg7 56. Be1 Rb7 57. Kg6 Kd7 58. Ra6 Nc5 59. Ra5 Kc6 60. Bf2 Ne4 61. Bxa7 Rb5 62. Ra4 Kd6 63. Be3 Ke5 64. Bh6 Rb8 65. Ra5+ Kd4 66. Bf4 Rb6 67. Ra4+ Kd5 68. Ra5+ Kd4 69. Ra4+ Kd3 70. Kf7 Ke2 71. Ra3 Rc6 72. Ke7 Nc3 73. Kd7 Rc4 74. Be5 Nb5 75. Ra2+ Kf3 76. Kxe6 f4 77. Kd5 Rc8 78. Ke6 Re8+ 79. Kf5 Rf8+ 80. Kg5 Ke4 81. Re2+ Kd3 82. Rb2 f3 83. Bg3 Rg8+ 84. Kf4 Nd4 85. Bf2 Rf8+ 86. Kg4 Rf7 87. Bxd4 Kxd4 88. Kg3 Rf8 89. Kf2 Rf7 1/2-1/2

[Event "North American op 31st"]
[Site "Las Vegas"]
[Date "2021.12.30"]
[Round "9"]
[White "Kolay, Alex"]
[Black "Prasanna Raghuram, Rao"]
[Result "0-1"]
[WhiteElo "2233"]
[BlackElo "2424"]
[PlyCount "110"]
[EventDate "2021.12.26"]
[EventType "swiss"]
[EventRounds "9"]
[EventCountry "USA"]
[SourceTitle "CBM 205 Extra"]
[Source "ChessBase"]
[SourceDate "2022.01.31"]
[SourceVersion "1"]
[SourceVersionDate "2022.01.31"]
[SourceQuality "1"]

1. d4 Nf6 2. c4 e6 3. Nf3 d5 4. Nc3 Bb4 5. Qa4+ Nc6 6. e3 0-0 7. Bd2 Re8 8. a3 Bf8 9. Qc2 e5 10. dxe5 Nxe5 11. Nxe5 Rxe5 12. 0-0-0 c6 13. cxd5 cxd5 14. Bd3 Bd7 15. Ne2 Rc8 16. Bc3 Re6 17. Kb1 Rb6 18. Ka1 Qe8 19. Qd2 Ba4 20. Rc1 Ne4 21. Bxe4 dxe4 22. Bd4 Rd8 23. Qa5 Ra6 24. Qe5 Qxe5 25. Bxe5 Rd2 26. Nc3 Bc2 27. Rhf1 f6 28. Bd4 Bd3 29. Nb1 Bxf1 30. Nxd2 Bxg2 31. Rg1 Bf3 32. Nxf3 exf3 33. h3 Kf7 34. Rg3 Ra5 35. Rxf3 a6 36. e4 Ke6 37. Rb3 b5 38. Kb1 Ra4 39. Rd3 Rc4 40. Rd2 Bd6 41. f3 g5 42. b3 Rc6 43. Bb2 Be5 44. Rd8 Bxb2 45. Kxb2 Ke5 46. Rh8 Kf4 47. Rxh7 Kxf3 48. Re7 Kg3 49. e5 f5 50. Rf7 f4 51. Rf5 Kxh3 52. Rxg5 f3 53. Rf5 Kg2 54. Rf8 f2 55. Rg8+ Kf1 0-1

[Event "North American op 31st"]
[Site "Las Vegas"]
[Date "2021.12.29"]
[Round "7"]
[White "Lu, Ming"]
[Black "Prasanna Raghuram, Rao"]
[Result "0-1"]
[WhiteElo "2318"]
[BlackElo "2424"]
[PlyCount "88"]
[EventDate "2021.12.26"]
[EventType "swiss"]
[EventRounds "9"]
[EventCountry "USA"]
[SourceTitle "CBM 205 Extra"]
[Source "ChessBase"]
[SourceDate "2022.01.31"]
[SourceVersion "1"]
[SourceVersionDate "2022.01.31"]
[SourceQuality "1"]

1. c4 Nf6 2. Nc3 e6 3. e4 d5 4. cxd5 exd5 5. e5 Ne4 6. Nf3 Nc6 7. Bb5 Nxc3 8. bxc3 Be7 9. d4 Bf5 10. 0-0 0-0 11. Ne1 Na5 12. f4 Qc8 13. Be2 f6 14. Bf3 Be4 15. Bxe4 dxe4 16. Qe2 f5 17. Nc2 c6 18. Ne3 b5 19. a4 b4 20. Bd2 b3 21. Rab1 Rb8 22. g4 fxg4 23. f5 Bg5 24. Qxg4 Bxe3+ 25. Bxe3 Kh8 26. e6 Nc4 27. Bg5 h6 28. f6 Rb7 29. h3 Nd6 30. e7 Qxg4+ 31. hxg4 Rf7 32. fxg7+ Kxg7 33. Bxh6+ Kg6 34. Bf8 Rxf1+ 35. Kxf1 Kf7 36. Ke2 Nc4 37. g5 Rb8 38. Rf1+ Kg6 39. Bh6 b2 40. Rb1 Re8 41. Bf8 Kxg5 42. Kf2 Kf6 43. Kg3 Kf7 44. Kf4 Rb8 0-1

[Event "North American op 31st"]
[Site "Las Vegas"]
[Date "2021.12.29"]
[Round "8"]
[White "Prasanna Raghuram, Rao"]
[Black "Zeltsan, Joseph"]
[Result "0-1"]
[WhiteElo "2424"]
[BlackElo "2325"]
[PlyCount "94"]
[EventDate "2021.12.26"]
[EventType "swiss"]
[EventRounds "9"]
[EventCountry "USA"]
[SourceTitle "CBM 205 Extra"]
[Source "ChessBase"]
[SourceDate "2022.01.31"]
[SourceVersion "1"]
[SourceVersionDate "2022.01.31"]
[SourceQuality "1"]

1. d4 Nf6 2. c4 e6 3. g3 d5 4. Bg2 Be7 5. Nf3 0-0 6. 0-0 dxc4 7. Qc2 b5 8. a4 b4 9. Nfd2 Nd5 10. Nxc4 c5 11. dxc5 Ba6 12. Ne3 Nd7 13. Nxd5 exd5 14. c6 Rc8 15. Bf4 Nc5 16. c7 Qd7 17. Qd1 d4 18. Re1 Ne6 19. Bh3 f5 20. Qb3 Kh8 21. Be5 Nc5 22. Qd1 Qd5 23. Bxd4 Bb7 24. e4 Nxe4 25. Bg2 Bc5 26. Bxc5 Qxc5 27. Qe2 Ba6 28. Qf3 Rxc7 29. b3 Rd8 30. h4 h6 31. Ra2 Rd3 32. Qh5 Rxg3 33. Kh2 Rg4 34. Rxe4 Rxe4 35. Bxe4 Qe5+ 36. Kh3 Qxe4 37. Nd2 Rc3+ 38. f3 Qe6 39. Nc4 Bxc4 40. bxc4 Kh7 41. Re2 Qf6 42. Qe8 Rxf3+ 43. Kg2 Rf4 44. Re6 Rg4+ 45. Kf1 Qxh4 46. Ke2 b3 47. Qf7 Re4+ 0-1

[Event "North American op 31st"]
[Site "Las Vegas"]
[Date "2021.12.28"]
[Round "6"]
[White "Prasanna Raghuram, Rao"]
[Black "Sethuraman, Sandeep"]
[Result "1/2-1/2"]
[WhiteElo "2424"]
[BlackElo "2361"]
[PlyCount "44"]
[EventDate "2021.12.26"]
[EventType "swiss"]
[EventRounds "9"]
[EventCountry "USA"]
[SourceTitle "CBM 205 Extra"]
[Source "ChessBase"]
[SourceDate "2022.01.31"]
[SourceVersion "1"]
[SourceVersionDate "2022.01.31"]
[SourceQuality "1"]

1. d4 d5 2. c4 c6 3. Nf3 Nf6 4. g3 Bg4 5. Bg2 e6 6. Nc3 Nbd7 7. h3 Bh5 8. cxd5 exd5 9. Nh4 Bg6 10. Qb3 Qb6 11. Qxb6 axb6 12. g4 b5 13. Bf4 Bb4 14. Nxg6 hxg6 15. Kd2 0-0 16. Kc2 Rfe8 17. e3 Bxc3 18. Kxc3 Ne4+ 19. Bxe4 dxe4 20. Bg3 Nf6 21. g5 Nd5+ 22. Kb3 f6 1/2-1/2

[Event "Charlotte Spring Classic"]
[Site "Charlotte"]
[Date "2021.03.28"]
[Round "5"]
[White "Prasanna Raghuram, Rao"]
[Black "Aaron, Deepak"]
[Result "1-0"]
[WhiteElo "2437"]
[BlackElo "2300"]
[PlyCount "55"]
[EventDate "2021.03.26"]
[EventType "game"]
[EventRounds "5"]
[EventCountry "USA"]
[SourceTitle "CBM 201 Extra"]
[Source "ChessBase"]
[SourceDate "2021.05.31"]
[SourceVersion "1"]
[SourceVersionDate "2021.05.31"]
[SourceQuality "1"]

1. d4 e6 2. c4 f5 3. g3 Nf6 4. Bg2 Bb4+ 5. Nd2 0-0 6. Ngf3 d6 7. 0-0 Bxd2 8. Bxd2 Ne4 9. Rc1 Nd7 10. Qc2 Qe8 11. Ng5 Nxg5 12. Bxg5 Qh5 13. Bd2 e5 14. c5 Nf6 15. cxd6 cxd6 16. Bb4 f4 17. Bxd6 Bh3 18. Bxf8 Bxg2 19. Kxg2 Rxf8 20. Qb3+ Kh8 21. Qf3 Qg5 22. dxe5 Qxe5 23. Qxf4 Qxb2 24. Qf3 Qxa2 25. Ra1 Qe6 26. Rxa7 h6 27. Qxb7 Nh5 28. Ra8 1-0

[Event "World Corporate West A"]
[Site "Chess.com INT"]
[Date "2021.02.20"]
[Round "1.3"]
[White "Prasanna Raghuram, Rao"]
[Black "Vioreanu, Bogdan Gabriel"]
[Result "1-0"]
[WhiteElo "2437"]
[BlackElo "2406"]
[PlyCount "105"]
[EventDate "2021.02.20"]
[EventType "team (rapid)"]
[EventRounds "7"]
[EventCountry "USA"]
[SourceTitle "CBM 200 Extra"]
[Source "ChessBase"]
[SourceDate "2021.03.31"]
[SourceVersion "1"]
[SourceVersionDate "2021.03.31"]
[SourceQuality "1"]
[WhiteTeam "Vida Health"]
[BlackTeam "Goldman Sachs"]
[WhiteTeamCountry "USA"]
[BlackTeamCountry "USA"]

1. e4 c5 2. Nf3 d6 3. Bb5+ Nc6 4. 0-0 Nf6 5. Re1 Bd7 6. c3 a6 7. Ba4 e5 8. d3 Be7 9. Nbd2 0-0 10. Nf1 b5 11. Bc2 Be6 12. h3 h6 13. Ng3 d5 14. exd5 Qxd5 15. Qe2 Nd7 16. Bb3 c4 17. dxc4 bxc4 18. Bc2 Rfd8 19. Rd1 Qb5 20. Nf5 Bf8 21. Nd6 Bxd6 22. Rxd6 Nf6 23. Rxd8+ Rxd8 24. Rb1 Bd5 25. Be3 Qa5 26. a3 e4 27. Nd4 Ne5 28. Bf4 Nd3 29. Qe3 Ba8 30. Bg3 Nd5 31. Qd2 Qc5 32. Bxd3 exd3 33. Re1 Nf6 34. f3 Rxd4 35. Bf2 Qf5 36. Bxd4 Kh7 37. Bxf6 Qxf6 38. b3 Qb6+ 39. Kh2 Qxb3 40. Qf4 Qxc3 41. Qf5+ g6 42. Qxf7+ Qg7 43. Qxc4 d2 44. Rd1 Qe5+ 45. f4 Qe3 46. Qf7+ Kh8 47. Qf8+ Kh7 48. Qxa8 Qxf4+ 49. Kh1 Qe5 50. Qb7+ Kg8 51. Qc8+ Kg7 52. Qd7+ Kf6 53. Qxd2 1-0

[Event "World op 47th"]
[Site "Philadelphia"]
[Date "2019.07.06"]
[Round "6"]
[White "Prasanna Raghuram, Rao"]
[Black "Canty, James H"]
[Result "1-0"]
[WhiteElo "2440"]
[BlackElo "2233"]
[PlyCount "157"]
[EventDate "2019.07.03"]
[EventType "swiss"]
[EventRounds "9"]
[EventCountry "USA"]
[SourceTitle "CBM 191 Extra"]
[Source "ChessBase"]
[SourceDate "2019.09.30"]
[SourceVersion "1"]
[SourceVersionDate "2019.09.30"]
[SourceQuality "1"]

1. d4 Nf6 2. Nf3 g6 3. g3 Bg7 4. Bg2 0-0 5. 0-0 d6 6. b3 c5 7. Bb2 cxd4 8. Nxd4 d5 9. c4 dxc4 10. Na3 cxb3 11. Qxb3 Nbd7 12. Rac1 Qb6 13. Ndb5 Nc5 14. Qc2 Ne6 15. Rb1 a6 16. Nc4 Qc5 17. Nba3 Ng5 18. Bxf6 Bxf6 19. Nb6 Qxc2 20. Nxc2 Rb8 21. Ne3 a5 22. Nxc8 Rfxc8 23. Bxb7 Rc7 24. Bd5 Rxb1 25. Rxb1 Bd4 26. Rb5 Rc5 27. Rxc5 Bxc5 28. Nc4 Bb4 29. h4 Ne6 30. Bxe6 fxe6 31. Kg2 Kf7 32. Kf3 Kf6 33. a4 e5 34. Ke4 Bc3 35. Kd5 e6+ 36. Ke4 h5 37. Kf3 Be1 38. Ke3 Bb4 39. Ke4 Be1 40. Kf3 Bb4 41. g4 hxg4+ 42. Kxg4 Be1 43. Kf3 Kf5 44. Ne3+ Kf6 45. Ng4+ Ke7 46. Nxe5 Kf6 47. Ke4 Bc3 48. Nf3 Bb4 49. Kf4 Bd6+ 50. Kg4 Bb4 51. Kf4 Bd6+ 52. Ke4 Bb4 53. Ne5 Be1 54. Nd3 Bc3 55. Kf4 Ba1 56. Nc5 e5+ 57. Ke4 Bd4 58. Nd3 Bc3 59. Kd5 Kf5 60. e4+ Kf6 61. f3 Ba1 62. Nc5 g5 63. h5 Kg7 64. Nd7 Kh6 65. Nxe5 Kxh5 66. Ng4 Kh4 67. e5 Bc3 68. e6 Bb4 69. Ne5 Kg3 70. Ke4 Kh4 71. Ng6+ Kg3 72. e7 Bxe7 73. Nxe7 g4 74. fxg4 Kxg4 75. Nc6 Kg5 76. Ke5 Kg6 77. Nxa5 Kf7 78. Kd6 Ke8 79. Kc7 1-0

[Event "Las Vegas National op"]
[Site "Las Vegas"]
[Date "2019.06.13"]
[Round "2"]
[White "Polavaram, Rithik S"]
[Black "Prasanna Raghuram, Rao"]
[Result "1/2-1/2"]
[WhiteElo "2058"]
[BlackElo "2448"]
[PlyCount "89"]
[EventDate "2019.06.12"]
[EventType "swiss"]
[EventRounds "9"]
[EventCountry "USA"]
[SourceTitle "CBM 190 Extra"]
[Source "ChessBase"]
[SourceDate "2019.07.15"]
[SourceVersion "1"]
[SourceVersionDate "2019.07.15"]
[SourceQuality "1"]

1. d4 Nf6 2. c4 Nc6 3. Nc3 e5 4. d5 Ne7 5. e4 Ng6 6. g3 Bc5 7. Bg2 d6 8. Na4 Bb4+ 9. Bd2 a5 10. a3 Bxd2+ 11. Qxd2 0-0 12. Ne2 Qe8 13. Qc2 Bd7 14. Nac3 Qc8 15. 0-0 Bh3 16. f3 Bxg2 17. Kxg2 Nd7 18. b4 Ne7 19. Qd3 f5 20. exf5 Nxf5 21. Ne4 Nf6 22. Ng5 g6 23. Ne6 Rf7 24. Nc3 Ng7 25. Nxg7 Kxg7 26. Ne4 h6 27. f4 Nxe4 28. Qxe4 Qf5 29. Qe2 Re7 30. b5 e4 31. Qe3 h5 32. h3 Qf6 33. Ra2 Rf8 34. Rff2 Kh7 35. Rab2 b6 36. Ra2 Rg8 37. h4 Qf5 38. Rae2 Rge8 39. Rd2 Qf6 40. Rb2 Qf5 41. Ra2 Rf8 42. Rab2 Kg7 43. Ra2 Kf7 44. Rae2 Rfe8 45. Rb2 1/2-1/2

[Event "Las Vegas National op"]
[Site "Las Vegas"]
[Date "2019.06.12"]
[Round "1"]
[White "Prasanna Raghuram, Rao"]
[Black "Lee, Megan Shuen Hui"]
[Result "1-0"]
[WhiteElo "2448"]
[BlackElo "2115"]
[PlyCount "95"]
[EventDate "2019.06.12"]
[EventType "swiss"]
[EventRounds "9"]
[EventCountry "USA"]
[SourceTitle "CBM 190 Extra"]
[Source "ChessBase"]
[SourceDate "2019.07.15"]
[SourceVersion "1"]
[SourceVersionDate "2019.07.15"]
[SourceQuality "1"]

1. e4 e5 2. Nf3 Nc6 3. Bb5 a6 4. Ba4 Nf6 5. d3 Bc5 6. 0-0 b5 7. Bb3 d6 8. a4 Rb8 9. c3 Bd7 10. h3 Bb6 11. Re1 Ne7 12. Nbd2 c5 13. Nf1 h6 14. Ng3 Ng6 15. d4 0-0 16. axb5 axb5 17. Be3 Re8 18. Bc2 Bc6 19. dxe5 dxe5 20. Qxd8 Rexd8 21. Ra6 Nd7 22. Nf5 Bb7 23. Raa1 Nf6 24. Nd2 Bc8 25. Nf1 Kf8 26. Ra2 Ne7 27. Nxe7 Kxe7 28. Ng3 Ne8 29. Nf5+ Kf8 30. Raa1 Nd6 31. Red1 Nxf5 32. Rxd8+ Bxd8 33. exf5 Bb6 34. Rd1 Bb7 35. Rd6 Ba7 36. f6 gxf6 37. Rxf6 Ke7 38. Rxh6 Rg8 39. g4 Bc8 40. Rc6 Kd7 41. Rh6 Ke7 42. Kf1 Be6 43. Bf5 Bc4+ 44. Ke1 f6 45. h4 Rf8 46. g5 Bd5 47. gxf6+ Kf7 48. Bg5 1-0

[Event "Denver op"]
[Site "Denver"]
[Date "2019.04.28"]
[Round "5"]
[White "Shtivelband, Richard"]
[Black "Prasanna Raghuram, Rao"]
[Result "0-1"]
[WhiteElo "2093"]
[BlackElo "2460"]
[PlyCount "82"]
[EventDate "2019.04.26"]
[EventType "swiss"]
[EventRounds "5"]
[EventCountry "USA"]
[SourceTitle "CBM 190 Extra"]
[Source "ChessBase"]
[SourceDate "2019.07.15"]
[SourceVersion "1"]
[SourceVersionDate "2019.07.15"]
[SourceQuality "1"]

1. e4 e5 2. Nf3 Nc6 3. Bb5 Nge7 4. c3 a6 5. Ba4 g6 6. 0-0 Bg7 7. d4 exd4 8. cxd4 b5 9. Bb3 0-0 10. Nc3 d6 11. h3 Bb7 12. Bg5 h6 13. Bh4 Na5 14. Bc2 Nc4 15. b3 Nb6 16. Qd3 b4 17. Ne2 Qd7 18. Bxe7 Qxe7 19. Ng3 c5 20. Rad1 Rfd8 21. h4 h5 22. Qe3 Rac8 23. Bb1 Nd7 24. Rfe1 cxd4 25. Nxd4 Ne5 26. Nxh5 gxh5 27. Nf5 Qf6 28. Qb6 Rb8 29. Qxb4 Bc8 30. Qxb8 Bxf5 31. Qb6 Bg4 32. Rd5 Qxh4 33. Qe3 Be6 34. Rd2 Ng4 35. Qf3 Be5 36. g3 Qh2+ 37. Kf1 Nf6 38. Qe3 Bg4 39. Qg5+ Kf8 40. Qh4 Qxh4 41. gxh4 Bc3 0-1

[Event "PRO League Stage"]
[Site "Chess.com INT"]
[Date "2019.02.07"]
[Round "5"]
[White "Prasanna Raghuram, Rao"]
[Black "Sadorra, Julio Catalino"]
[Result "0-1"]
[WhiteElo "2460"]
[BlackElo "2568"]
[PlyCount "76"]
[EventDate "2019.01.08"]
[EventType "team-swiss (rapid)"]
[EventRounds "10"]
[EventCountry "USA"]
[SourceTitle "CBM 188 Extra"]
[Source "ChessBase"]
[SourceDate "2019.02.26"]
[SourceVersion "1"]
[SourceVersionDate "2019.02.26"]
[SourceQuality "1"]
[WhiteTeam "San Jose Hackers"]
[BlackTeam "Seattle Sluggers"]
[WhiteTeamCountry "USA"]
[BlackTeamCountry "USA"]

1. d4 e6 2. c4 f5 3. g3 Nf6 4. Bg2 d5 5. Nh3 Bd6 6. 0-0 0-0 7. Nc3 c6 8. Bf4 Be7 9. Qc2 h6 10. Rfd1 g5 11. Be5 Ng4 12. Rac1 Nd7 13. Qb3 dxc4 14. Qxc4 Ndxe5 15. dxe5 Nxe5 16. Qb3 Qe8 17. Na4 Bf6 18. Nc5 Qe7 19. Kh1 Nf7 20. e4 b6 21. Nd3 Bb7 22. exf5 exf5 23. Re1 Qd7 24. Rcd1 c5 25. Bxb7 Qxb7+ 26. Kg1 Qc8 27. Qc4 Kg7 28. f4 Bd4+ 29. Nhf2 Nd6 30. Qc2 Ne4 31. Kg2 Qb7 32. Nxe4 fxe4 33. Nf2 Rae8 34. Nxe4 gxf4 35. Kh3 f3 36. Nc3 Qd7+ 37. g4 Rxe1 38. Rxe1 Rf4 0-1

[Event "Gibraltar Masters 16th"]
[Site "Caleta"]
[Date "2018.01.28"]
[Round "6"]
[White "Prasanna Raghuram, Rao"]
[Black "Georgiev, Kiril"]
[Result "1/2-1/2"]
[WhiteElo "2458"]
[BlackElo "2623"]
[PlyCount "59"]
[EventDate "2018.01.23"]
[EventType "swiss"]
[EventRounds "10"]
[EventCountry "GGB"]
[SourceTitle "CBM 183"]
[Source "ChessBase"]
[SourceDate "2018.03.14"]
[SourceVersion "1"]
[SourceVersionDate "2018.03.14"]
[SourceQuality "1"]

1. Nf3 Nf6 2. c4 c5 3. g3 b6 4. Bg2 Bb7 5. Nc3 e6 6. 0-0 Be7 7. b3 0-0 8. Bb2 d6 9. d4 cxd4 10. Qxd4 a6 11. Rfd1 Nbd7 12. Rac1 Qc7 13. Ne1 Rfd8 14. Ne4 Bf8 15. Nxf6+ Nxf6 16. Qf4 Ne8 17. Qe3 Bxg2 18. Nxg2 Qb7 19. Nf4 b5 20. Nd3 Rac8 21. Bd4 bxc4 22. bxc4 h6 23. c5 Qa8 24. cxd6 Nxd6 25. Bb6 Rxc1 26. Rxc1 Rc8 27. Rxc8 Qxc8 28. Bc5 Qc7 29. Qf4 Nb5 30. Qxc7 1/2-1/2

[Event "Pan American Intercollegiate-chT"]
[Site "Columbus"]
[Date "2017.12.30"]
[Round "6.1"]
[White "Durarbayli, Vasif"]
[Black "Prasanna Raghuram, Rao"]
[Result "1/2-1/2"]
[WhiteElo "2622"]
[BlackElo "2458"]
[PlyCount "44"]
[EventDate "2017.12.27"]
[EventType "team-swiss"]
[EventRounds "6"]
[EventCountry "USA"]
[SourceTitle "CBM 182 Extra"]
[Source "ChessBase"]
[SourceDate "2018.02.23"]
[SourceVersion "1"]
[SourceVersionDate "2018.02.23"]
[SourceQuality "1"]
[WhiteTeam "Webster"]
[BlackTeam "Texas Dallas Univ II"]
[WhiteTeamCountry "USA"]
[BlackTeamCountry "USA"]

1. e4 e5 2. Nf3 Nc6 3. Bb5 Nf6 4. Nc3 Bb4 5. 0-0 0-0 6. d3 d6 7. Ne2 Ne7 8. Ng3 Ng6 9. c3 Ba5 10. d4 c6 11. Bd3 Bb6 12. h3 Re8 13. Re1 h6 14. Qc2 Bd7 15. Be3 Qc7 16. a4 Rad8 17. Nd2 Qb8 18. dxe5 Nxe5 19. Bxb6 axb6 20. Bf1 Qc7 21. Re3 Ng6 22. Rae1 d5 1/2-1/2

[Event "Dallas Fall op"]
[Site "Dallas"]
[Date "2017.11.22"]
[Round "9"]
[White "Prasanna Raghuram, Rao"]
[Black "Thavandiran, Shiyam"]
[Result "1/2-1/2"]
[WhiteElo "2459"]
[BlackElo "2389"]
[PlyCount "43"]
[EventDate "2017.11.17"]
[EventType "swiss"]
[EventRounds "9"]
[EventCountry "USA"]
[SourceTitle "CBM 181 Extra"]
[Source "ChessBase"]
[SourceDate "2017.12.12"]
[SourceVersion "1"]
[SourceVersionDate "2017.12.12"]
[SourceQuality "1"]

1. Nf3 Nf6 2. g3 c5 3. Bg2 e6 4. c4 a6 5. 0-0 Qc7 6. Nc3 d6 7. b3 b6 8. d4 cxd4 9. Nxd4 Bb7 10. e4 Be7 11. Bb2 0-0 12. Rc1 Nbd7 13. h3 Rac8 14. g4 h6 15. Re1 Rfe8 16. Qd3 Ne5 17. Qg3 Ng6 18. Rcd1 Nh7 19. Nde2 Rcd8 20. Bc1 Ba8 21. Be3 Qb8 22. Rf1 1/2-1/2

[Event "Dallas Fall op"]
[Site "Dallas"]
[Date "2017.11.21"]
[Round "8"]
[White "Sevian, Samuel"]
[Black "Prasanna Raghuram, Rao"]
[Result "1-0"]
[WhiteElo "2615"]
[BlackElo "2459"]
[PlyCount "92"]
[EventDate "2017.11.17"]
[EventType "swiss"]
[EventRounds "9"]
[EventCountry "USA"]
[SourceTitle "CBM 181 Extra"]
[Source "ChessBase"]
[SourceDate "2017.12.12"]
[SourceVersion "1"]
[SourceVersionDate "2017.12.12"]
[SourceQuality "1"]

1. e4 e5 2. Nf3 Nc6 3. Bc4 Nf6 4. d3 Be7 5. 0-0 0-0 6. Re1 d6 7. a4 Na5 8. Ba2 c5 9. Bg5 Be6 10. Nc3 Bxa2 11. Rxa2 Nc6 12. Bxf6 Bxf6 13. Nd5 g6 14. c3 Bg7 15. Nd2 Ne7 16. Qb3 Rb8 17. Nxe7+ Qxe7 18. Qd5 Qe6 19. Qxe6 fxe6 20. a5 Rfd8 21. Kf1 d5 22. Nf3 d4 23. Rc1 Rbc8 24. c4 Rc7 25. Rb1 Bf8 26. Nxe5 Bd6 27. Nf3 Rf7 28. b3 Rdf8 29. Ng5 Re7 30. e5 Bxe5 31. Ne4 Rc7 32. b4 cxb4 33. Rxb4 Rff7 34. Rab2 Bg7 35. Rb5 h6 36. Nd6 Rfd7 37. Rxb7 Rxb7 38. Nxb7 Bf8 39. Rb5 Kf7 40. a6 Rc7 41. Na5 Ke7 42. Ke2 Kd7 43. Kf3 Bc5 44. Nb3 Bb6 45. c5 Kc6 46. Nxd4+ Kd5 1-0

[Event "Saint Louis Fall-B"]
[Site "Saint Louis"]
[Date "2017.09.12"]
[Round "7"]
[White "Ni, Shiqun"]
[Black "Prasanna Raghuram, Rao"]
[Result "1/2-1/2"]
[WhiteElo "2426"]
[BlackElo "2464"]
[PlyCount "165"]
[EventDate "2017.09.06"]
[EventType "tourn"]
[EventRounds "9"]
[EventCountry "USA"]
[EventCategory "10"]
[SourceTitle "CBM 180 Extra"]
[Source "ChessBase"]
[SourceDate "2017.10.06"]
[SourceVersion "1"]
[SourceVersionDate "2017.10.06"]
[SourceQuality "1"]

1. e4 c5 2. Nf3 Nc6 3. d4 cxd4 4. Nxd4 e5 5. Nb5 d6 6. c4 Be7 7. N1c3 a6 8. Na3 f5 9. exf5 Bxf5 10. Bd3 Be6 11. 0-0 Nf6 12. Nc2 0-0 13. b3 Rc8 14. Bg5 Ng4 15. Bxe7 Qxe7 16. Qd2 Qh4 17. h3 Nf6 18. Rfe1 Rcd8 19. Rad1 Nh5 20. Be4 Nf4 21. Nd5 Bxd5 22. Bxd5+ Kh8 23. Qe3 Rf6 24. Be4 Rdf8 25. Rd2 Ne7 26. Qg3 Qh5 27. Qg4 Qf7 28. Ne3 Nc6 29. Nd5 Nxd5 30. Bxd5 Qc7 31. Bxc6 bxc6 32. Qe4 a5 33. c5 dxc5 34. Qxe5 Qb6 35. Qe3 a4 36. bxa4 Qb4 37. Rc1 c4 38. Qc3 Qxa4 39. Qxc4 Qa5 40. Qc3 Qg5 41. Rcd1 h6 42. Qe3 Qf5 43. Rd8 Qxf2+ 44. Qxf2 Rxf2 45. Rxf8+ Rxf8 46. a4 Ra8 47. Ra1 Kg8 48. Kf2 Kf7 49. Ke3 Ke6 50. Kd4 Kd6 51. a5 Kc7 52. a6 Kb6 53. Rb1+ Kxa6 54. Kc5 Rf8 55. Rb6+ Ka5 56. Rxc6 Rf5+ 57. Kd4 Rf7 58. Kd5 Rf5+ 59. Ke4 Rg5 60. Kf3 Kb5 61. Rc2 Rc5 62. Rd2 Kc6 63. Rd4 Rd5 64. Rg4 Rd7 65. Ke4 Rf7 66. Ke5 Kd7 67. Ra4 Ke7 68. Ra7+ Kf8 69. Ra8+ Ke7 70. Rg8 Kd7 71. g4 Ke7 72. h4 Kd7 73. Ra8 Ke7 74. g5 hxg5 75. hxg5 Rf1 76. Ra7+ Kf8 77. Ke6 Kg8 78. Ke5 Kh7 79. Ra6 Rf2 80. Rb6 Rf1 81. Ra6 Rf2 82. Rb6 Rf1 83. Ra6 1/2-1/2

[Event "Saint Louis Fall-B"]
[Site "Saint Louis"]
[Date "2017.09.09"]
[Round "4"]
[White "Prasanna Raghuram, Rao"]
[Black "Arribas Lopez, Angel"]
[Result "1/2-1/2"]
[WhiteElo "2464"]
[BlackElo "2505"]
[PlyCount "60"]
[EventDate "2017.09.06"]
[EventType "tourn"]
[EventRounds "9"]
[EventCountry "USA"]
[EventCategory "10"]
[SourceTitle "CBM 180 Extra"]
[Source "ChessBase"]
[SourceDate "2017.10.06"]
[SourceVersion "1"]
[SourceVersionDate "2017.10.06"]
[SourceQuality "1"]

1. e4 c5 2. Nf3 d6 3. d4 cxd4 4. Nxd4 Nf6 5. Nc3 g6 6. Be3 Bg7 7. f3 0-0 8. Qd2 Nc6 9. Bc4 Bd7 10. 0-0-0 Rc8 11. Bb3 Ne5 12. Kb1 Re8 13. h4 h5 14. Bh6 Nc4 15. Bxc4 Rxc4 16. Bxg7 Kxg7 17. g4 hxg4 18. h5 Rh8 19. hxg6 fxg6 20. f4 e5 21. Nde2 Rxh1 22. Rxh1 Nxe4 23. Nxe4 Rxe4 24. fxe5 Qe8 25. e6 Bxe6 26. Qh6+ Kf7 27. Qh7+ Kf6 28. Qh4+ Kg7 29. Qh6+ Kf7 30. Qh7+ Kf6 1/2-1/2

[Event "Saint Louis Fall-B"]
[Site "Saint Louis"]
[Date "2017.09.08"]
[Round "3"]
[White "Ramirez Alvarez, Alejandro"]
[Black "Prasanna Raghuram, Rao"]
[Result "1-0"]
[WhiteElo "2563"]
[BlackElo "2464"]
[PlyCount "63"]
[EventDate "2017.09.06"]
[EventType "tourn"]
[EventRounds "9"]
[EventCountry "USA"]
[EventCategory "10"]
[SourceTitle "CBM 180 Extra"]
[Source "ChessBase"]
[SourceDate "2017.10.06"]
[SourceVersion "1"]
[SourceVersionDate "2017.10.06"]
[SourceQuality "1"]

1. c4 c5 2. b3 Nc6 3. g3 e5 4. Bg2 g6 5. Nc3 Bg7 6. e3 Nge7 7. Nge2 0-0 8. 0-0 f5 9. Bb2 d6 10. Nd5 Be6 11. d3 Rb8 12. Qd2 a6 13. d4 cxd4 14. exd4 e4 15. Ndf4 Bf7 16. d5 Ne5 17. Nd4 Bh6 18. Qc3 Qd7 19. f3 exf3 20. Bxf3 Rfc8 21. Nde6 b5 22. Rae1 bxc4 23. Rxe5 dxe5 24. Qxe5 c3 25. Bc1 g5 26. Nh5 Bxh5 27. Bxh5 Ng6 28. Qxf5 Qe8 29. d6 Rb7 30. Qd5 Rf7 31. Nc7 Qf8 32. Bg4 1-0